[Event "C.to Regionale Piemonte"]
[Site "Torino ITA"]
[Date "2008.04.24"]
[Round "5"]
[White "Malano, Francesco"]
[Black "Medaglia, Enzo"]
[Result "0-1"]
[WhiteElo "1939"]
[BlackElo "1820"]
[PlyCount "77"]
[EventDate "2008.04.20"]

1. Nf3 Nf6 2. g3 g6 3. b3 Bg7 4. Bb2 O-O 5. Bg2 d5 6. d4 Nbd7 7. O-O Ne4 8. c4
c6 9. e3 f5 10. Nc3 e6 11. Ne5 Nxe5 12. Nxe4 Nxc4 13. bxc4 fxe4 14. Qb3 Kh8 15.
a4 h5 16. a5 Rf7 17. Bc3 Bf6 18. f4 Rb8 19. c5 Rh7 20. h3 Bd7 21. Rfb1 g5 22.
a6 Bc8 23. Ra4 b5 24. cxb6 axb6 25. Ba5 Bxa6 26. Bxb6 Qc8 27. Rb4 Bb5 28. Bc5
gxf4 29. Bd6 f3 30. Bf1 Rbb7 31. Bxb5 cxb5 32. Rxb5 Rxb5 33. Qxb5 Rg7 34. Qa4
Rg8 35. Kf2 e5 36. Rh1 exd4 37. exd4 Qc3 38. Rd1 Qb2+ 39. Ke3 0-1

[Event "C.to Regionale Piemonte"]
[Site "Torino ITA"]
[Date "2008.04.24"]
[Round "5"]
[White "Martin, Tiziano"]
[Black "Sola, Giuseppe"]
[Result "1-0"]
[WhiteElo "1977"]
[BlackElo "1989"]
[PlyCount "69"]
[EventDate "2008.04.20"]

1. d4 d5 2. Nf3 Nf6 3. e3 c6 4. c4 e6 5. Nbd2 Bd6 6. Bd3 Nbd7 7. O-O e5 8. cxd5
Nxd5 9. Nc4 Qe7 10. Nxd6+ Qxd6 11. e4 N5f6 12. Bg5 O-O 13. Bxf6 Qxf6 14. Re1
Re8 15. Qd2 exd4 16. e5 Qe7 17. e6 fxe6 18. Qc2 Nf8 19. Re5 Qf7 20. Rae1 c5 21.
Ng5 Qf6 22. Bxh7+ Nxh7 23. Qxh7+ Kf8 24. Qe4 Kg8 25. Rf5 Qh6 26. Nf7 Qg6 27.
Nd6 Bd7 28. Rf8+ Kh7 29. Qh4+ Qh6 30. Qxh6+ Kxh6 31. Nxe8 Kg6 32. h4 b5 33. Re5
c4 34. Rg5+ Kh7 35. Rxg7+ 1-0

[Event "C.to Regionale Piemonte"]
[Site "Torino ITA"]
[Date "2008.04.24"]
[Round "5"]
[White "Marvin, Elio"]
[Black "Loccisano, Giuseppe"]
[Result "0-1"]
[WhiteElo "1822"]
[BlackElo "1700"]
[PlyCount "102"]
[EventDate "2008.04.20"]

1. e4 e6 2. d4 d5 3. e5 c5 4. c3 Nc6 5. Nf3 Qb6 6. a3 a5 7. Be2 Nge7 8. Bd3 Bd7
9. Bc2 Nf5 10. Bxf5 exf5 11. O-O Be6 12. a4 Be7 13. c4 cxd4 14. Na3 dxc4 15.
Nb5 d3 16. Be3 Qd8 17. Qd2 O-O 18. Bf4 Rc8 19. Rac1 Qd5 20. Nc3 Qd7 21. h3 Nb4
22. Nb5 Rfd8 23. Nfd4 Bd5 24. Nd6 Bxd6 25. exd6 Re8 26. Rfe1 h6 27. Re5 Rxe5
28. Bxe5 Re8 29. Bf4 Qxa4 30. Re1 Be6 31. Re3 Nd5 32. Rg3 Nxf4 33. Qxf4 Qd1+
34. Kh2 Qh5 35. h4 Bd7 36. Re3 Rxe3 37. Qxe3 Qxh4+ 38. Kg1 Qf6 39. f4 Qxd6 40.
g3 Qd5 41. Kf2 Bc6 42. Ke1 Qe4 43. Kd2 g6 44. Qxe4 fxe4 45. g4 h5 46. gxh5 gxh5
47. Nf5 Kh7 48. Ke3 Kg6 49. Nh4+ Kf6 50. Ng2 b5 51. Nh4 b4 0-1

[Event "C.to Regionale Piemonte"]
[Site "Torino ITA"]
[Date "2008.04.24"]
[Round "5"]
[White "Militello, Michele"]
[Black "Di Chiara, Mauro"]
[Result "1-0"]
[WhiteElo "1893"]
[BlackElo "1823"]
[PlyCount "109"]
[EventDate "2008.04.20"]

1. d4 d6 2. Nf3 g6 3. g3 Bg7 4. Bg2 Nf6 5. O-O O-O 6. Nbd2 Nc6 7. c3 Bd7 8. e4
Qc8 9. Re1 e5 10. d5 Ne7 11. a4 Ne8 12. b4 h6 13. Qe2 f5 14. Qc4 Kh7 15. b5 Nf6
16. Ba3 fxe4 17. Nxe5 dxe5 18. Bxe7 Rf7 19. Bxf6 Rxf6 20. Nxe4 Rf8 21. Qe2 c6
22. c4 cxd5 23. cxd5 Bg4 24. f3 Bf5 25. Rac1 Qd8 26. Rc4 Qxd5 27. Rd1 Qg8 28.
Nd6 Rad8 29. Rc7 Qe6 30. Nc4 e4 31. Rxd8 Rxd8 32. fxe4 Bg4 33. Bf3 Bxf3 34.
Qxf3 Rd4 35. Qf8 Rd1+ 36. Kf2 Rd2+ 37. Nxd2 Qb6+ 38. Qc5 Qxc5+ 39. Rxc5 Bd4+
40. Kf3 Bxc5 41. e5 Kg7 42. g4 Kf7 43. Ke4 Ke6 44. Nb3 Bg1 45. h3 a6 46. bxa6
bxa6 47. Nd4+ Kd7 48. Nf3 Bf2 49. Kd5 h5 50. e6+ Kd8 51. Ne5 hxg4 52. hxg4 g5
53. Nf7+ Ke7 54. Nxg5 Be3 55. Ne4 1-0

[Event "C.to Regionale Piemonte"]
[Site "Torino ITA"]
[Date "2008.04.24"]
[Round "5"]
[White "Quagliana, Giuseppe"]
[Black "Boetto, Massimo"]
[Result "0-1"]
[WhiteElo "2071"]
[BlackElo "2022"]
[PlyCount "140"]
[EventDate "2008.04.20"]

1. d4 Nf6 2. Bf4 g6 3. e3 Bg7 4. Nf3 d6 5. Be2 O-O 6. O-O b6 7. c4 c5 8. Nc3
cxd4 9. exd4 Bb7 10. Rc1 Nbd7 11. d5 Rc8 12. h3 a6 13. Qd2 b5 14. cxb5 axb5 15.
Bxb5 Nb6 16. Bh6 Nbxd5 17. Bxg7 Kxg7 18. Nxd5 Bxd5 19. a4 Bxf3 20. gxf3 Qb6 21.
Qe3 Qb7 22. b3 Nd5 23. Qd2 Nc7 24. Qc3+ Kg8 25. Bd7 Rcd8 26. Qxc7 Rxd7 27. Qxb7
Rxb7 28. Rc3 Rfb8 29. Re1 e6 30. Ree3 d5 31. Red3 Rb4 32. Kg2 g5 33. Kg3 h5 34.
Kg2 Kg7 35. Rc1 Rxb3 36. Rxb3 Rxb3 37. Ra1 Rb6 38. a5 Ra6 39. Kf1 Kf6 40. Ke2
Ke5 41. Ra4 f5 42. Kd3 Kd6 43. h4 gxh4 44. Rxh4 Rxa5 45. Rxh5 Ra3+ 46. Ke2 f4
47. Rh8 Ra2+ 48. Ke1 Kc5 49. Re8 Ra6 50. Rc8+ Rc6 51. Ra8 Kd4 52. Kd2 e5 53.
Ra3 Rc4 54. Rb3 Ra4 55. Rb2 e4 56. fxe4 Kxe4 57. Rb3 Ra2+ 58. Ke1 d4 59. f3+
Kd5 60. Rb5+ Kc4 61. Rf5 Kc3 62. Rf8 d3 63. Rc8+ Kd4 64. Re8 Re2+ 65. Rxe2 dxe2
66. Kxe2 Kc3 67. Ke1 Kd3 68. Kf1 Ke3 69. Ke1 Kxf3 70. Kf1 Ke3 0-1

[Event "C.to Regionale Piemonte"]
[Site "Torino ITA"]
[Date "2008.04.24"]
[Round "5"]
[White "Saccona, Silvano"]
[Black "Moncelli, Giorgio"]
[Result "1-0"]
[WhiteElo "2178"]
[BlackElo "2099"]
[PlyCount "85"]
[EventDate "2008.04.20"]

1. d4 Nf6 2. Bf4 g6 3. Nf3 Bg7 4. e3 O-O 5. h3 b6 6. Be2 Bb7 7. O-O d6 8. c4
Nbd7 9. Nc3 c5 10. d5 a6 11. Re1 Ne8 12. e4 Nc7 13. Bd3 b5 14. Qe2 bxc4 15.
Bxc4 Nb6 16. Bb3 Nb5 17. Qd2 Rc8 18. Bh6 c4 19. Bxg7 Kxg7 20. Bc2 e6 21. Rad1
e5 22. Re3 Rc7 23. a4 Nxc3 24. bxc3 Bc8 25. Rb1 Nd7 26. h4 Nf6 27. Nh2 Ng4 28.
Nxg4 Bxg4 29. Rb6 f5 30. exf5 gxf5 31. Rg3 Kh8 32. f3 Rg7 33. Qf2 Rgf7 34. Rb1
Bh5 35. Rg5 Bg6 36. f4 Re7 37. h5 Be8 38. Rxf5 Rxf5 39. Bxf5 Bxh5 40. Qh4 Be8
41. Qf6+ Kg8 42. Be6+ Bf7 43. Bxf7+ 1-0

[Event "C.to Regionale Piemonte"]
[Site "Torino ITA"]
[Date "2008.04.24"]
[Round "5"]
[White "Sattanino, Andrea"]
[Black "Sorgi, Paolo"]
[Result "1-0"]
[WhiteElo "1840"]
[BlackElo "1922"]
[PlyCount "43"]
[EventDate "2008.04.20"]

1. d4 Nf6 2. c4 e6 3. Nc3 d5 4. Bf4 c5 5. e3 Nc6 6. Nb5 e5 7. dxe5 Qa5+ 8. Qd2
Qxd2+ 9. Kxd2 Ne4+ 10. Ke1 Nb4 11. Nc7+ Kd8 12. Nxa8 Nc2+ 13. Ke2 Nxa1 14. cxd5
g5 15. Bg3 b6 16. Nf3 g4 17. Bh4+ Kd7 18. Nd2 Nxd2 19. Kxd2 Bb7 20. Bb5+ Kc8
21. d6 Bg7 22. d7+ 1-0

[Event "C.to Regionale Piemonte"]
[Site "Torino ITA"]
[Date "2008.04.24"]
[Round "5"]
[White "Tallarico, Pierfrancesco"]
[Black "Fassio, Francesco"]
[Result "1/2-1/2"]
[WhiteElo "1882"]
[BlackElo "1710"]
[PlyCount "79"]
[EventDate "2008.04.20"]

1. c4 c5 2. Nf3 Nc6 3. Nc3 g6 4. g3 Bg7 5. Bg2 a6 6. O-O Rb8 7. a4 e6 8. d3
Nge7 9. Be3 d6 10. d4 cxd4 11. Nxd4 O-O 12. Qd2 d5 13. Nxc6 bxc6 14. Rfd1 Bb7
15. Bc5 a5 16. e4 Re8 17. cxd5 exd5 18. exd5 Nxd5 19. Nxd5 cxd5 20. Bd4 Ba6 21.
Bxg7 Kxg7 22. Bxd5 Qf6 23. b3 Re2 24. Qd4 Re1+ 25. Rxe1 Qxd4 26. Rad1 Qf6 27.
Re4 Rb4 28. Re3 Qd6 29. Rf3 f5 30. Rc3 Bb7 31. Bf3 Rd4 32. Rxd4 Qxd4 33. Rc7+
Kh6 34. Rxb7 Qd3 35. Kg2 Qd6 36. Rb5 Qd2 37. h4 Kg7 38. Rb7+ Kg8 39. Rb8+ Kg7
40. Rb7+ 1/2-1/2

[Event "C.to Regionale Piemonte"]
[Site "Torino ITA"]
[Date "2008.04.24"]
[Round "5"]
[White "Trusso Cafarello, Sebastiano"]
[Black "Termini, Luigi Robert"]
[Result "1-0"]
[WhiteElo "1521"]
[BlackElo "1459"]
[PlyCount "83"]
[EventDate "2008.04.20"]

1. e4 c5 2. Nf3 Nc6 3. d4 cxd4 4. Nxd4 g6 5. Nc3 Bg7 6. Nxc6 bxc6 7. Bd2 Bb7 8.
Bd3 d6 9. O-O Nf6 10. f4 e6 11. e5 dxe5 12. fxe5 Nd7 13. Ne4 Nxe5 14. Bg5 Qd4+
15. Kh1 O-O 16. Bf6 c5 17. Bxg7 Kxg7 18. Qe2 Nxd3 19. cxd3 Bxe4 20. dxe4 Rab8
21. b3 a5 22. Rad1 Qb4 23. Qf3 c4 24. Qf6+ Kg8 25. Rd7 Rb7 26. Rxb7 Qxb7 27.
bxc4 Qxe4 28. c5 Qc4 29. Qf2 a4 30. h3 a3 31. Rd1 Rc8 32. Rd7 e5 33. Qf6 e4 34.
Rd8+ Rxd8 35. Qxd8+ Kg7 36. Qd6 Qxa2 37. c6 Qa1+ 38. Kh2 Qf6 39. Qxf6+ Kxf6 40.
c7 a2 41. c8=Q a1=Q 42. Qh8+ 1-0

[Event "C.to Regionale Piemonte"]
[Site "Torino ITA"]
[Date "2008.04.24"]
[Round "5"]
[White "Zunino, Davide"]
[Black "Pitrola, Carlo"]
[Result "1-0"]
[WhiteElo "1986"]
[BlackElo "1827"]
[PlyCount "49"]
[EventDate "2008.04.20"]

1. d4 d5 2. Nf3 Nf6 3. e3 e6 4. Bd3 c5 5. b3 Nc6 6. Bb2 Be7 7. O-O O-O 8. Nbd2
Bd7 9. Ne5 Rc8 10. a3 a6 11. Qf3 b5 12. dxc5 Bxc5 13. Qh3 h6 14. Rad1 Bd6 15.
f4 Nh7 16. Ndf3 f5 17. g4 fxg4 18. Nxg4 e5 19. fxe5 Ng5 20. Nxh6+ gxh6 21. Qxh6
Nxf3+ 22. Rxf3 Rxf3 23. Bh7+ Kf7 24. Qg6+ Kf8 25. exd6 1-0

[Event "C.to Regionale Piemonte"]
[Site "Torino ITA"]
[Date "2008.04.25"]
[Round "6"]
[White "Berutti, Mario"]
[Black "Trusso Cafarello, Sebastiano"]
[Result "1-0"]
[WhiteElo "1757"]
[BlackElo "1521"]
[PlyCount "39"]
[EventDate "2008.04.20"]

1. e4 e6 2. d4 d5 3. e5 c5 4. c3 cxd4 5. cxd4 Bb4+ 6. Nc3 Ne7 7. f4 O-O 8. Nf3
Nbc6 9. Bd3 Ng6 10. O-O Nh4 11. Bxh7+ Kxh7 12. Ng5+ Kg6 13. Qg4 f5 14. Qxh4 Rh8
15. Qg3 Kh5 16. Nf7 Qh4 17. Qxg7 Bd7 18. Nxh8 Ne7 19. Qh7+ Kg4 20. h3+ 1-0

[Event "C.to Regionale Piemonte"]
[Site "Torino ITA"]
[Date "2008.04.25"]
[Round "6"]
[White "Di Chiara, Mauro"]
[Black "Quagliana, Giuseppe"]
[Result "1-0"]
[WhiteElo "1823"]
[BlackElo "2071"]
[PlyCount "133"]
[EventDate "2008.04.20"]

1. d4 e6 2. Nf3 f5 3. c4 Nf6 4. Nc3 c6 5. Bg5 d5 6. e3 Be7 7. Ne5 O-O 8. Qc2
Bb4 9. Bd3 Qa5 10. Bxf6 Bxc3+ 11. bxc3 gxf6 12. Nf3 Rf7 13. Rb1 a6 14. c5 Nd7
15. O-O b5 16. cxb6 Nxb6 17. Rb4 c5 18. dxc5 Qxc5 19. Rfb1 Nd7 20. Nd4 Ne5 21.
Nb3 Qd6 22. Be2 Rc7 23. Nd4 Nc6 24. Nxc6 Rxc6 25. c4 a5 26. Rb5 Bd7 27. Qc3
Rca6 28. c5 Qf8 29. Rb7 R6a7 30. c6 Bc8 31. Rxa7 Rxa7 32. c7 Rb7 33. Rxb7 Bxb7
34. Qxa5 Qd6 35. Qc3 Bc8 36. Bb5 e5 37. a4 Kf7 38. a5 d4 39. exd4 exd4 40. Qc4+
Kf8 41. a6 d3 42. Qxd3 Qxc7 43. Qa3+ Qe7 44. Qxe7+ Kxe7 45. f4 Kd6 46. a7 Bb7
47. Be2 Kc7 48. Bd3 Kb6 49. Bxf5 h6 50. g4 Kxa7 51. Kf2 Kb6 52. Kg3 Kc5 53. Kh4
Kd4 54. Kh5 Ke3 55. Kxh6 Kxf4 56. Kg6 Bf3 57. h4 Bxg4 58. Bxg4 Kxg4 59. h5 f5
60. h6 f4 61. h7 Kg3 62. h8=Q Kg2 63. Qb2+ Kg3 64. Qe2 f3 65. Qf1 f2 66. Kg5
Kf3 67. Kh4 1-0

[Event "C.to Regionale Piemonte"]
[Site "Torino ITA"]
[Date "2008.04.25"]
[Round "6"]
[White "Fassio, Francesco"]
[Black "Angioni, Gian Carlo"]
[Result "0-1"]
[WhiteElo "1710"]
[BlackElo "1825"]
[PlyCount "104"]
[EventDate "2008.04.20"]

1. c4 c5 2. Nc3 Nf6 3. g3 Nc6 4. Bg2 g6 5. a3 Bg7 6. Rb1 O-O 7. b4 cxb4 8. axb4
Qc7 9. b5 Ne5 10. d3 d6 11. Nh3 Bxh3 12. Bxh3 Rad8 13. Bg2 Ned7 14. O-O Nb6 15.
Be3 Nc8 16. Bd4 e6 17. Qb3 b6 18. Rfc1 Ne7 19. Ne4 Nxe4 20. Bxg7 Kxg7 21. Bxe4
Qd7 22. Bg2 e5 23. e3 f5 24. Qb2 Qe6 25. Ra1 Rd7 26. h4 h5 27. Ra2 Rc7 28. Rca1
Nc8 29. Bd5 Qd7 30. f4 Kh7 31. Qb1 Qg7 32. Qb4 Rd8 33. Qb2 Re8 34. Bg2 Ree7 35.
Rc1 Qf6 36. Rc2 Rg7 37. Ra1 Ne7 38. Rac1 Ng8 39. fxe5 dxe5 40. d4 e4 41. c5
bxc5 42. dxc5 Qd8 43. Bf1 Nf6 44. b6 axb6 45. cxb6 Rxc2 46. Rxc2 Rb7 47. Rc6
Nd5 48. Qd4 Rd7 49. Qc5 Qb8 50. Ba6 Qxg3+ 51. Kf1 Nxe3+ 52. Ke2 Qf3+ 0-1

[Event "C.to Regionale Piemonte"]
[Site "Torino ITA"]
[Date "2008.04.25"]
[Round "6"]
[White "Ferretti, Carlo"]
[Black "Leoni, Alessandro"]
[Result "1-0"]
[WhiteElo "1963"]
[BlackElo "1897"]
[PlyCount "119"]
[EventDate "2008.04.20"]

1. f4 d5 2. Nf3 Nf6 3. e3 Bg4 4. Be2 Nbd7 5. b3 Bxf3 6. Bxf3 e5 7. fxe5 Nxe5 8.
Bb2 Bd6 9. O-O Qe7 10. Nc3 c6 11. Qe2 Nxf3+ 12. Qxf3 Be5 13. Rae1 O-O 14. d4
Bd6 15. e4 Bb4 16. exd5 Qd6 17. dxc6 Qxd4+ 18. Kh1 bxc6 19. Na4 Qd5 20. Rd1
Qxf3 21. Rxf3 Rfd8 22. Rdf1 Rd2 23. Bxf6 gxf6 24. R3f2 Re8 25. g3 Ree2 26. Rxe2
Rxe2 27. Rf4 c5 28. Rc4 Re5 29. Nb2 Rd5 30. Nd3 a5 31. Kg2 Kf8 32. Kf3 Ke7 33.
Ke4 Kd6 34. c3 Ba3 35. Ra4 f5+ 36. Ke3 c4 37. bxc4 Bc5+ 38. Nxc5 Rxc5 39. Kd4
Re5 40. Ra3 Re2 41. h4 Re4+ 42. Kd3 Rg4 43. Rxa5 Rxg3+ 44. Kc2 Ke6 45. Rd5 Rg4
46. Rd4 f4 47. c5 Rxh4 48. c6 Rh5 49. Rc4 Ra5 50. c7 Rxa2+ 51. Kd3 Ra8 52.
c8=Q+ Rxc8 53. Rxc8 Kf5 54. Ke2 h5 55. Kf3 h4 56. Rc5+ Kg6 57. Kg4 h3 58. Kxh3
f5 59. Kg2 Kg5 60. Kf3 1-0

[Event "C.to Regionale Piemonte"]
[Site "Torino ITA"]
[Date "2008.04.25"]
[Round "6"]
[White "Finocchiaro, Gianluca"]
[Black "Giacomasso, Enrico"]
[Result "1-0"]
[WhiteElo "1991"]
[BlackElo "1970"]
[PlyCount "59"]
[EventDate "2008.04.20"]

1. e4 d6 2. d4 Nf6 3. Nc3 c6 4. f4 Qa5 5. Bd3 e5 6. Nf3 Bg4 7. Be3 Nbd7 8. O-O
Be7 9. h3 Bxf3 10. Qxf3 exd4 11. Bxd4 Qb4 12. Ne2 c5 13. Bc3 Qb6 14. Bc4 Qc6
15. Ng3 O-O 16. Nf5 Bd8 17. Qg3 g6 18. Bd5 Qc7 19. Qg5 Re8 20. Nh6+ Kf8 21.
Nxf7 Ng8 22. Nxd8 Qxd8 23. Bxb7 Rb8 24. Bc6 Re7 25. f5 Rf7 26. Qxd8+ Rxd8 27.
fxg6 hxg6 28. Bd5 Rxf1+ 29. Rxf1+ Ke7 30. Rf7+ 1-0

[Event "C.to Regionale Piemonte"]
[Site "Torino ITA"]
[Date "2008.04.25"]
[Round "6"]
[White "Loccisano, Giuseppe"]
[Black "Malano, Francesco"]
[Result "0-1"]
[WhiteElo "1700"]
[BlackElo "1939"]
[PlyCount "112"]
[EventDate "2008.04.20"]

1. e4 c5 2. c3 b6 3. d4 Bb7 4. d5 Nf6 5. Bd3 d6 6. Bg5 a6 7. c4 Nbd7 8. f4 g6
9. Nf3 Bg7 10. Nc3 O-O 11. O-O Qc7 12. Kh1 Rae8 13. Qd2 e6 14. Rae1 exd5 15.
exd5 Bc8 16. Rxe8 Rxe8 17. Re1 Rxe1+ 18. Qxe1 Nf8 19. Qe2 Ng4 20. Nd1 f6 21.
Bh4 Kf7 22. h3 Nh6 23. Kg1 Nf5 24. Bf2 h6 25. b3 Bd7 26. Nc3 Ne7 27. Qc2 Qb8
28. Kf1 Qe8 29. Ne4 Nc8 30. Nc3 h5 31. Qe2 Qxe2+ 32. Kxe2 Bh6 33. Be3 Ne7 34.
Nh2 Nh7 35. Ne4 Nf5 36. g4 Nxe3 37. Kxe3 hxg4 38. Nxg4 Bf8 39. Ngf2 f5 40. Ng3
Be7 41. a4 Bf6 42. Bc2 Bh4 43. Ne2 Kf6 44. Kf3 g5 45. Ng3 gxf4 46. Kxf4 Bg5+
47. Kf3 Bh4 48. Kf4 Nf8 49. Nd1 Ng6+ 50. Kf3 Kg5 51. Nf2 Ne5+ 52. Kg2 Kf4 53.
Nh5+ Ke3 54. Nh1 f4 55. Ng7 f3+ 56. Kf1 Bxh3+ 0-1

[Event "C.to Regionale Piemonte"]
[Site "Torino ITA"]
[Date "2008.04.25"]
[Round "6"]
[White "Martin, Tiziano"]
[Black "Barletta, Mauro"]
[Result "0-1"]
[WhiteElo "1977"]
[BlackElo "2205"]
[PlyCount "82"]
[EventDate "2008.04.20"]

1. d4 d5 2. Nf3 e6 3. Bg5 Nf6 4. Nbd2 Nbd7 5. e3 Be7 6. Bd3 c5 7. c3 b6 8. Qc2
Bb7 9. O-O h6 10. Bxf6 gxf6 11. dxc5 Nxc5 12. Bb5+ Kf8 13. Rad1 a6 14. Be2 Qc7
15. c4 dxc4 16. Qxc4 Bd5 17. Qh4 f5 18. Qh5 Nd7 19. Rc1 Qb7 20. Rc2 Rc8 21.
Rfc1 Rxc2 22. Rxc2 Kg7 23. Qh3 Rc8 24. Qg3+ Kh7 25. Rxc8 Qxc8 26. Qf4 Qc1+ 27.
Bf1 Bf6 28. Qd6 Qc6 29. Qxc6 Bxc6 30. Bxa6 Bxb2 31. Nc4 Bf6 32. Bc8 Bd5 33. Nd6
Nc5 34. a3 Kg8 35. Kf1 Kf8 36. Nd4 Be7 37. N4xf5 exf5 38. Nxf5 Bc4+ 39. Ke1
Nd3+ 40. Kd2 Bxa3 41. Kc3 b5 0-1

[Event "C.to Regionale Piemonte"]
[Site "Torino ITA"]
[Date "2008.04.25"]
[Round "6"]
[White "Medaglia, Enzo"]
[Black "Carnino, Luca"]
[Result "1-0"]
[WhiteElo "1820"]
[BlackElo "1849"]
[PlyCount "58"]
[EventDate "2008.04.20"]

1. e4 c5 2. c3 d5 3. exd5 Qxd5 4. d3 e5 5. Be3 Nf6 6. c4 Qd8 7. Be2 Nc6 8. Nc3
Be7 9. Nf3 O-O 10. O-O Bg4 11. a3 Bxf3 12. Bxf3 Nd4 13. Bxd4 exd4 14. Nd5 Qd7
15. Qd2 Rab8 16. b4 b6 17. b5 Ne8 18. Rfe1 Bd6 19. Qg5 f6 20. Qh4 Rf7 21. Re2
Be5 22. g4 g5 23. Qh3 h5 24. Qg2 h4 25. Rae1 Nd6 26. Rxe5 fxe5 27. Rxe5 Qd8 28.
Be4 Nxe4 29. Qxe4 Rbb7 1-0

[Event "C.to Regionale Piemonte"]
[Site "Torino ITA"]
[Date "2008.04.25"]
[Round "6"]
[White "Parodi, Alessandro"]
[Black "Moncelli, Giorgio"]
[Result "1/2-1/2"]
[WhiteElo "2041"]
[BlackElo "2099"]
[PlyCount "37"]
[EventDate "2008.04.20"]

1. d4 Nf6 2. c4 g6 3. Nc3 d5 4. h4 c5 5. dxc5 d4 6. Nb5 Nc6 7. e3 e5 8. exd4
Nxd4 9. Bg5 Bxc5 10. Bxf6 Bb4+ 11. Nc3 Qxf6 12. Bd3 O-O 13. Qd2 Bf5 14. Kf1
Rad8 15. Rd1 Bxd3+ 16. Qxd3 Bxc3 17. Qxc3 Nf5 18. Re1 Nd4 19. Rh3 1/2-1/2

[Event "C.to Regionale Piemonte"]
[Site "Torino ITA"]
[Date "2008.04.25"]
[Round "6"]
[White "Pitrola, Carlo"]
[Black "Fittante, Giuliana"]
[Result "1/2-1/2"]
[WhiteElo "1827"]
[BlackElo "1854"]
[PlyCount "103"]
[EventDate "2008.04.20"]

1. d4 Nf6 2. c4 c5 3. d5 b5 4. cxb5 a6 5. Nc3 axb5 6. d6 exd6 7. Bf4 Qb6 8. e4
b4 9. Nb5 Ba6 10. Nxd6+ Bxd6 11. Bxd6 Bxf1 12. Kxf1 Qa6+ 13. Ne2 Nxe4 14. Bxb8
Rxb8 15. Qd5 Qe6 16. Nf4 Qxd5 17. Nxd5 O-O 18. f3 Nd2+ 19. Kf2 Nc4 20. b3 Ne5
21. Rhd1 Rfd8 22. Rac1 d6 23. Ne7+ Kf8 24. f4 Kxe7 25. fxe5 dxe5 26. Rxd8 Rxd8
27. Rxc5 Rd2+ 28. Kf3 e4+ 29. Kg3 Kd6 30. Rc4 f5 31. Rxb4 Rxa2 32. h4 e3 33.
Rb8 Rb2 34. b4 Kd5 35. Re8 Kd4 36. Kf3 Rf2+ 37. Kg3 f4+ 38. Kh3 Kc4 39. g3 Rf3
40. Kg4 Rf2 41. gxf4 Kd3 42. Kg3 Rf1 43. Rd8+ Ke2 44. Ra8 Rd1 45. Kg2 Ke1 46.
Kf3 e2 47. Ra2 Rd3+ 48. Kg2 Kd1 49. Ra1+ Kd2 50. Kf2 Rd4 51. Ra2+ Kd3 52. Ra3+
1/2-1/2

[Event "C.to Regionale Piemonte"]
[Site "Torino ITA"]
[Date "2008.04.25"]
[Round "6"]
[White "Rasulo, Stefano"]
[Black "Gussone, Claudio"]
[Result "1/2-1/2"]
[WhiteElo "1614"]
[BlackElo "1853"]
[PlyCount "104"]
[EventDate "2008.04.20"]

1. e4 d6 2. d4 Nf6 3. Nc3 g6 4. f4 Bg7 5. Nf3 O-O 6. Be2 Nbd7 7. O-O e5 8. d5
a6 9. Ne1 Qe8 10. Bf3 exf4 11. Bxf4 Ne5 12. Be2 b5 13. a3 Nc4 14. Bxc4 bxc4 15.
Qe2 a5 16. Nf3 Ba6 17. Nd2 Qb8 18. Rab1 Re8 19. Qf3 Rf8 20. Qh3 h5 21. Bg5 Ng4
22. Qg3 Qa7+ 23. Kh1 Rab8 24. h3 Ne5 25. Be3 Qb7 26. Bd4 c5 27. Be3 Qd7 28. Bf4
Rb7 29. Rfe1 Rfb8 30. Nd1 Qa4 31. c3 Qc2 32. Bxe5 Bxe5 33. Qf2 Qa4 34. g3 Qd7
35. Qg2 Qe7 36. Nf3 Bg7 37. Rc1 Re8 38. Qf2 Bb5 39. Ne3 Reb8 40. Nd1 Ba4 41.
Re2 Rb6 42. Rb1 Rb3 43. Nd2 Rxa3 44. Nxc4 Bxd1 45. Nxa3 Bxe2 46. Qxe2 Be5 47.
Kg2 Re8 48. Re1 Qg5 49. Qe3 Qd8 50. Nc4 Bg7 51. Qf4 Be5 52. Nxe5 Rxe5 1/2-1/2

[Event "C.to Regionale Piemonte"]
[Site "Torino ITA"]
[Date "2008.04.25"]
[Round "6"]
[White "Saccona, Silvano"]
[Black "Fortino, Fabrizio"]
[Result "1/2-1/2"]
[WhiteElo "2178"]
[BlackElo "2079"]
[PlyCount "69"]
[EventDate "2008.04.20"]

1. d4 Nf6 2. Nf3 g6 3. Bf4 Bg7 4. e3 d6 5. c3 O-O 6. Nbd2 c6 7. Qb3 Nbd7 8. a4
h6 9. h3 e5 10. Bh2 e4 11. Ng1 d5 12. c4 Re8 13. cxd5 c5 14. Ne2 cxd4 15. Nxd4
Nb6 16. d6 Nfd7 17. Nb5 Nc5 18. Qb4 Na6 19. Qa3 Be6 20. Nc3 Rc8 21. Bb5 Bd7 22.
Be2 Nc5 23. O-O Ncxa4 24. Rfc1 Nxc3 25. bxc3 Nd5 26. c4 Bxa1 27. Qxa1 Qf6 28.
Qa3 Nb6 29. Bg4 Bxg4 30. hxg4 Red8 31. c5 Nd7 32. Nxe4 Qe6 33. Nd2 Qd5 34. Nb3
b6 35. Nd4 1/2-1/2

[Event "C.to Regionale Piemonte"]
[Site "Torino ITA"]
[Date "2008.04.25"]
[Round "6"]
[White "Sattanino, Andrea"]
[Black "Militello, Michele"]
[Result "0-1"]
[WhiteElo "1840"]
[BlackElo "1893"]
[PlyCount "54"]
[EventDate "2008.04.20"]

1. d4 d5 2. c4 e6 3. Nc3 Nf6 4. Bf4 Bd6 5. Bg3 O-O 6. e3 c5 7. Nf3 b6 8. Bd3
Nc6 9. Rc1 Bb7 10. Nb5 Bxg3 11. hxg3 a6 12. Ne5 g6 13. Nc3 dxc4 14. Bxc4 cxd4
15. exd4 Nxd4 16. Qd2 Nf5 17. Qg5 Kg7 18. Rd1 Qc7 19. Qf4 Bxg2 20. Rh2 Bd5 21.
g4 Nxg4 22. Bxd5 Nxe5 23. Ne2 exd5 24. Rxd5 Nf3+ 25. Qxf3 Qxh2 26. Qc3+ Kg8 27.
Qf6 Qh1+ 0-1

[Event "C.to Regionale Piemonte"]
[Site "Torino ITA"]
[Date "2008.04.25"]
[Round "6"]
[White "Sola, Giuseppe"]
[Black "Zunino, Davide"]
[Result "1/2-1/2"]
[WhiteElo "1989"]
[BlackElo "1986"]
[PlyCount "67"]
[EventDate "2008.04.20"]

1. Nf3 Nc6 2. d4 d5 3. c4 e5 4. dxe5 d4 5. g3 Nge7 6. Bg5 Be6 7. Nbd2 Qd7 8.
Bg2 Ng6 9. Nb3 Bxc4 10. O-O h6 11. Bd2 Be7 12. Rc1 Bd5 13. e3 Ngxe5 14. exd4
Nxf3+ 15. Bxf3 O-O 16. Be3 Qf5 17. Kg2 Rfd8 18. Bxd5 Qxd5+ 19. Qf3 Qxf3+ 20.
Kxf3 Rd7 21. Nc5 Bxc5 22. Rxc5 Rad8 23. Rfc1 Nxd4+ 24. Bxd4 Rxd4 25. Rxc7 R8d7
26. h4 g6 27. Rxd7 Rxd7 28. Rc8+ Kg7 29. Ra8 Rd2 30. Rxa7 Rxb2 31. a4 Kf6 32.
a5 Rb5 33. a6 bxa6 34. Rxa6+ 1/2-1/2

[Event "C.to Regionale Piemonte"]
[Site "Torino ITA"]
[Date "2008.04.25"]
[Round "6"]
[White "Sorcinelli, Francesco"]
[Black "Boetto, Massimo"]
[Result "1/2-1/2"]
[WhiteElo "2078"]
[BlackElo "2022"]
[PlyCount "81"]
[EventDate "2008.04.20"]

1. Nf3 Nf6 2. c4 g6 3. b4 Bg7 4. Bb2 O-O 5. g3 d6 6. Bg2 e5 7. d3 Nc6 8. b5 Ne7
9. O-O Bd7 10. Qc2 Qc8 11. Rc1 Bh3 12. Bh1 Bh6 13. Nbd2 Nf5 14. c5 Nh5 15. cxd6
Ne3 16. Qxc7 Nf4 17. Re1 Qg4 18. Ne4 f5 19. fxe3 Nd5 20. Qc4 Qxe4 21. Qxe4 fxe4
22. Ng5 Bxg5 23. Bxe4 Bxe3+ 24. Kh1 Nf6 25. Bxb7 Rab8 26. Bg2 Bxg2+ 27. Kxg2
Ng4 28. Rf1 Bf2 29. Bc1 Ne3+ 30. Bxe3 Bxe3 31. Rf3 Rxf3 32. Kxf3 Bc5 33. d7 Rd8
34. Rc1 Bb6 35. Rc8 Kf7 36. Rxd8 Bxd8 37. Ke4 Ke6 38. a4 Bc7 39. g4 h5 40. gxh5
gxh5 41. h3 1/2-1/2

[Event "C.to Regionale Piemonte"]
[Site "Torino ITA"]
[Date "2008.04.25"]
[Round "6"]
[White "Sorgi, Paolo"]
[Black "Tallarico, Pierfrancesco"]
[Result "1-0"]
[WhiteElo "1922"]
[BlackElo "1882"]
[PlyCount "81"]
[EventDate "2008.04.20"]

1. e4 e6 2. d4 d5 3. Nc3 Bb4 4. e5 c5 5. a3 Bxc3+ 6. bxc3 Ne7 7. a4 Qa5 8. Bd2
c4 9. Qb1 Nbc6 10. Nf3 Bd7 11. Be2 Nd8 12. Qb4 Ndc6 13. Qa3 a6 14. O-O O-O 15.
Rfb1 Qc7 16. a5 Nc8 17. Qc5 N8a7 18. Qb6 Qxb6 19. Rxb6 Rab8 20. Rbb1 Nb5 21.
Kf1 h6 22. Ng1 f6 23. g3 fxe5 24. dxe5 Be8 25. Bg4 Bf7 26. Ne2 Nxe5 27. Bh3 Nf3
28. Be3 e5 29. Bc5 Nd2+ 30. Ke1 Nxb1 31. Bxf8 Kxf8 32. Rxb1 Bg6 33. Kd2 Be4 34.
f4 exf4 35. Nxf4 Ke7 36. Ne6 Kd6 37. Rf1 Re8 38. Nxg7 Re7 39. Rf6+ Ke5 40. Rxh6
Rxg7 41. Re6# 1-0